[Event "Najdorf Memorial B"]
[Site "Warsaw POL"]
[Date "2021.07.12"]
[Round "3.10"]
[White "Kwiecinski, Rafal"]
[Black "Skowron, Dawid"]
[Result "1-0"]
[WhiteElo "1538"]
[BlackElo "1349"]
[EventDate "2021.07.10"]
[PlyCount "135"]
[LiveChessVersion "1.4.8"]

1.e4 e5 {[%clk 1:24:23]} 2.Bc4 {[%clk 1:31:24]} 2...Bc5 {[%clk 1:24:46]} 3.Nf3 
{[%clk 1:31:38]} 3...Nc6 {[%clk 1:25:11]} 4.d3 {[%clk 1:31:46]} 4...d6 {[%clk
1:25:29]} 5.c3 {[%clk 1:32:05]} 5...Nf6 {[%clk 1:25:22]} 6.Bg5 {[%clk 1:31:42]} 
6...Bg4 {[%clk 1:25:34]} 7.Qe2 {[%clk 1:31:45]} 7...a6 {[%clk 1:25:06]} 8.Nbd2 
{[%clk 1:31:58]} 8...Na5 {[%clk 1:24:42]} 9.Bxf7+ {[%clk 1:31:13]} 9...Kxf7 
{[%clk 1:24:54]} 10.b4 {[%clk 1:31:41]} 10...Bxb4 {[%clk 1:24:39]} 11.cxb4 
{[%clk 1:32:07]} 11...Nc6 {[%clk 1:25:03]} 12.a3 {[%clk 1:28:12]} 12...Rf8 
{[%clk 1:23:35]} 13.O-O {[%clk 1:23:17]} 13...Kg8 {[%clk 1:22:54]} 14.h3 {[%clk
1:18:59]} 14...Bh5 {[%clk 1:23:02]} 15.g4 {[%clk 1:14:58]} 15...Bg6 {[%clk
1:23:12]} 16.Nh4 {[%clk 1:13:01]} 16...Be8 {[%clk 1:22:12]} 17.Nf5 {[%clk
1:04:51]} 17...Bd7 {[%clk 1:22:05]} 18.Nf3 {[%clk 0:56:40]} 18...Bxf5 {[%clk
1:16:34]} 19.exf5 {[%clk 0:52:28]} 19...Qd7 {[%clk 1:14:59]} 20.Be3 {[%clk
0:45:06]} 20...h6 {[%clk 1:11:13]} 21.Nh4 {[%clk 0:39:22]} 21...Rf7 {[%clk
1:09:32]} 22.Qa2 {[%clk 0:35:45]} 22...Kh7 {[%clk 1:06:40]} 23.Rab1 {[%clk
0:34:36]} 23...e4 {[%clk 1:05:11]} 24.d4 {[%clk 0:34:08]} 24...Na7 {[%clk
1:03:32]} 25.Rbc1 {[%clk 0:28:36]} 25...d5 {[%clk 1:02:13]} 26.Ng6 {[%clk
0:28:02]} 26...Qd8 {[%clk 0:59:13]} 27.Qe2 {[%clk 0:25:15]} 27...Nb5 {[%clk
0:57:50]} 28.Ne5 {[%clk 0:20:12]} 28...Rf8 {[%clk 0:50:38]} 29.a4 {[%clk
0:20:19]} 29...Nd6 {[%clk 0:50:55]} 30.Rc2 {[%clk 0:18:41]} 30...b5 {[%clk
0:50:27]} 31.Rfc1 {[%clk 0:17:45]} 31...Nc4 {[%clk 0:50:33]} 32.Ng6 {[%clk
0:16:19]} 32...Rf7 {[%clk 0:50:14]} 33.Ra1 {[%clk 0:15:37]} 33...c6 {[%clk
0:47:39]} 34.Rca2 {[%clk 0:15:08]} 34...Qc8 {[%clk 0:45:44]} 35.axb5 {[%clk
0:13:57]} 35...cxb5 {[%clk 0:46:07]} 36.h4 {[%clk 0:12:21]} 36...Nxe3 37.fxe3 
{[%clk 0:12:43]} 37...Nd7 {[%clk 0:44:07]} 38.Rc2 {[%clk 0:12:22]} 38...Qb7 
{[%clk 0:42:43]} 39.Rac1 {[%clk 0:11:26]} 39...Nb6 {[%clk 0:42:47]} 40.Ne5 
{[%clk 0:10:53]} 40...Re7 {[%clk 0:42:51]} 41.Qf2 {[%clk 0:10:19]} 41...Nc4 
{[%clk 0:42:28]} 42.f6 {[%clk 0:10:17]} 42...gxf6 {[%clk 0:42:05]} 43.Qf5+ 
{[%clk 0:10:08]} 43...Kg7 {[%clk 0:41:13]} 44.Qg6+ {[%clk 0:10:07]} 44...Kf8 
{[%clk 0:41:32]} 45.Qxh6+ {[%clk 0:09:16]} 45...Kg8 {[%clk 0:41:53]} 46.Qxf6 
{[%clk 0:07:06]} 46...Rf8 {[%clk 0:40:37]} 47.Qg6+ {[%clk 0:07:27]} 47...Rg7 
{[%clk 0:39:44]} 48.Qe6+ {[%clk 0:07:51]} 48...Kh7 {[%clk 0:39:41]} 49.g5 
{[%clk 0:07:05]} 49...Qc8 {[%clk 0:38:30]} 50.Qxd5 {[%clk 0:06:31]} 50...Qh3 
{[%clk 0:38:29]} 51.Qxe4+ {[%clk 0:06:45]} 51...Kh8 {[%clk 0:38:41]} 52.Nxc4 
{[%clk 0:05:29]} 52...bxc4 {[%clk 0:38:47]} 53.Rg2 {[%clk 0:04:08]} 53...Qd7 
{[%clk 0:37:35]} 54.Rxc4 {[%clk 0:03:17]} 54...Qa4 {[%clk 0:37:40]} 55.Qc2 
{[%clk 0:03:08]} 55...Qe8 {[%clk 0:37:35]} 56.Qc1 {[%clk 0:02:26]} 56...Re7 
{[%clk 0:37:34]} 57.Rc3 {[%clk 0:02:29]} 57...Re4 {[%clk 0:37:30]} 58.g6 {[%clk
0:01:41]} 58...Rg8 {[%clk 0:37:36]} 59.h5 {[%clk 0:01:52]} 59...Rh4 {[%clk
0:37:06]} 60.Qd1 {[%clk 0:01:36]} 60...Qb5 {[%clk 0:35:13]} 61.Rc7 {[%clk
0:01:03]} 61...Rxh5 {[%clk 0:35:02]} 62.g7+ {[%clk 0:01:05]} 62...Kh7 {[%clk
0:35:27]} 63.Qc2+ {[%clk 0:01:16]} 63...Rf5 {[%clk 0:35:41]} 64.Rh2+ {[%clk
0:00:54]} 64...Kg6 {[%clk 0:36:06]} 65.Rg2+ {[%clk 0:00:40]} 65...Kh6 {[%clk
0:35:50]} 66.Rc6+ {[%clk 0:00:39]} 66...Kh7 {[%clk 0:35:58]} 67.Rc5 {[%clk
0:00:36]} 67...Qf1+ {[%clk 0:35:51]} 68.Kh2 {[%clk 0:01:03]} 1-0

[Event "Najdorf Memorial B"]
[Site "Warsaw POL"]
[Date "2021.07.12"]
[Round "3.11"]
[White "Maciaszek, Karol"]
[Black "Zimochocki, Roman"]
[Result "0-1"]
[WhiteElo "1386"]
[BlackElo "1535"]
[EventDate "2021.07.10"]
[PlyCount "84"]
[LiveChessVersion "1.4.8"]

1.e4 {[%clk 1:30:57]} 1...c6 {[%clk 1:30:57]} 2.d4 {[%clk 1:31:16]} 2...d5 
{[%clk 1:31:24]} 3.exd5 {[%clk 1:30:52]} 3...cxd5 {[%clk 1:31:53]} 4.Bd3 {[%clk
1:31:03]} 4...Nc6 {[%clk 1:32:19]} 5.c3 {[%clk 1:31:13]} 5...Nf6 {[%clk
1:32:48]} 6.h3 {[%clk 1:31:32]} 6...g6 {[%clk 1:33:16]} 7.Nf3 {[%clk 1:31:48]} 
7...Bf5 {[%clk 1:33:31]} 8.Bxf5 {[%clk 1:31:48]} 8...gxf5 {[%clk 1:34:01]} 
9.Bf4 {[%clk 1:31:42]} 9...e6 {[%clk 1:32:39]} 10.Nbd2 {[%clk 1:31:14]} 
10...Bd6 {[%clk 1:30:24]} 11.Ne5 {[%clk 1:25:07]} 11...Rg8 {[%clk 1:30:27]} 
12.O-O {[%clk 1:16:31]} 12...Bxe5 {[%clk 1:20:37]} 13.dxe5 {[%clk 1:16:00]} 
13...Nd7 {[%clk 1:20:49]} 14.Re1 {[%clk 1:13:37]} 14...Qh4 {[%clk 1:20:44]} 
15.Bg3 {[%clk 1:11:42]} 15...Qh6 {[%clk 1:19:23]} 16.Nf3 {[%clk 1:08:16]} 
16...Qg6 {[%clk 1:13:40]} 17.Qd3 {[%clk 1:00:47]} 17...Nb6 {[%clk 1:01:09]} 
18.Nh4 {[%clk 0:51:27]} 18...Qg5 {[%clk 1:00:10]} 19.Nf3 {[%clk 0:49:42]} 
19...Qe7 {[%clk 1:00:29]} 20.Bh4 {[%clk 0:49:16]} 20...Qc7 {[%clk 1:00:46]} 
21.Qe2 {[%clk 0:45:05]} 21...Ne7 {[%clk 0:57:56]} 22.Nd4 {[%clk 0:43:38]} 
22...a6 {[%clk 0:56:19]} 23.Qh5 {[%clk 0:41:10]} 23...Ng6 {[%clk 0:56:11]} 
24.Bg5 {[%clk 0:29:54]} 24...Nf8 {[%clk 0:50:29]} 25.Bh6 {[%clk 0:21:48]} 
25...O-O-O {[%clk 0:47:01]} 26.a4 {[%clk 0:19:05]} 26...Ng6 {[%clk 0:41:35]} 
27.a5 {[%clk 0:18:46]} 27...Nd7 {[%clk 0:41:39]} 28.b4 {[%clk 0:16:58]} 
28...Ndxe5 {[%clk 0:39:54]} 29.b5 {[%clk 0:16:38]} 29...Nc4 {[%clk 0:35:56]} 
30.Bg5 {[%clk 0:15:24]} 30...Rde8 {[%clk 0:30:36]} 31.bxa6 {[%clk 0:12:46]} 
31...bxa6 {[%clk 0:31:03]} 32.Nc2 {[%clk 0:11:50]} 32...h6 {[%clk 0:21:20]} 
33.Be3 {[%clk 0:10:24]} 33...Nxe3 {[%clk 0:21:42]} 34.Rxe3 {[%clk 0:10:04]} 
34...Nf4 {[%clk 0:20:05]} 35.Qd1 {[%clk 0:09:03]} 35...Rxg2+ {[%clk 0:18:20]} 
36.Kh1 {[%clk 0:08:56]} 36...Reg8 {[%clk 0:11:19]} 37.Nb4 {[%clk 0:07:38]} 
37...Nh5 38.Rg3 Nxg3+ 39.Kxg2 Nh5+ 40.Kh1 Ng3+ 41.Kg1 Ne4+ 42.Kf1 Qf4 0-1

[Event "Najdorf Memorial B"]
[Site "Warsaw POL"]
[Date "2021.07.12"]
[Round "3.12"]
[White "Grunas, Jakub"]
[Black "Rog, Mateusz"]
[Result "1-0"]
[WhiteElo "1301"]
[BlackElo "1523"]
[EventDate "2021.07.10"]
[PlyCount "117"]
[LiveChessVersion "1.4.8"]

1.e4 {[%clk 1:30:57]} 1...c5 {[%clk 1:25:05]} 2.c3 {[%clk 1:31:22]} 2...Nf6 
{[%clk 1:24:12]} 3.e5 {[%clk 1:31:47]} 3...Nd5 {[%clk 1:24:37]} 4.d4 {[%clk
1:32:12]} 4...cxd4 {[%clk 1:24:05]} 5.Nf3 {[%clk 1:32:32]} 5...Nc6 {[%clk
1:24:14]} 6.cxd4 {[%clk 1:32:52]} 6...d6 {[%clk 1:24:20]} 7.Bc4 {[%clk 1:33:08]} 
7...Nb6 {[%clk 1:24:07]} 8.Bb5 {[%clk 1:33:27]} 8...a6 {[%clk 1:23:32]} 9.Bxc6+ 
{[%clk 1:33:50]} 9...bxc6 {[%clk 1:23:59]} 10.O-O {[%clk 1:33:08]} 10...g6 
{[%clk 1:21:56]} 11.Bf4 {[%clk 1:29:19]} 11...Nd5 {[%clk 1:18:37]} 12.Bg3 
{[%clk 1:29:26]} 12...Bh6 {[%clk 1:18:52]} 13.exd6 {[%clk 1:27:15]} 13...exd6 
{[%clk 1:19:17]} 14.Re1+ {[%clk 1:27:37]} 14...Be6 {[%clk 1:19:42]} 15.Bh4 
{[%clk 1:21:08]} 15...g5 {[%clk 1:16:50]} 16.Qc1 {[%clk 1:19:40]} 16...Nf4 
{[%clk 1:12:20]} 17.Qxc6+ {[%clk 1:18:34]} 17...Kf8 {[%clk 1:12:36]} 18.Nxg5 
{[%clk 0:59:16]} 18...Bxg5 {[%clk 1:12:10]} 19.Bxg5 {[%clk 0:59:33]} 19...Qxg5 
{[%clk 1:12:13]} 20.Qxa8+ {[%clk 0:59:51]} 20...Kg7 {[%clk 1:12:38]} 21.Qf3 
{[%clk 0:59:13]} 21...Bd5 {[%clk 1:13:04]} 22.Qg3 {[%clk 0:59:30]} 22...Qxg3 
{[%clk 1:07:57]} 23.hxg3 {[%clk 0:59:47]} 23...Nxg2 {[%clk 1:07:18]} 24.Re7 
{[%clk 0:59:37]} 24...h5 {[%clk 1:07:03]} 25.Nc3 {[%clk 0:59:23]} 25...Bf3 
{[%clk 1:07:31]} 26.Ne4 {[%clk 0:50:32]} 26...Kf8 {[%clk 1:07:44]} 27.Ng5 
{[%clk 0:49:59]} 27...Kxe7 {[%clk 1:07:53]} 28.Nxf3 {[%clk 0:50:22]} 28...Nf4 
{[%clk 1:07:15]} 29.gxf4 {[%clk 0:50:46]} 29...Rg8+ {[%clk 1:07:38]} 30.Kf1 
{[%clk 0:50:21]} 30...Rg4 {[%clk 1:07:58]} 31.Ke2 {[%clk 0:50:28]} 31...Rxf4 
{[%clk 1:08:17]} 32.Rh1 {[%clk 0:50:30]} 32...Rf5 {[%clk 1:08:39]} 33.Ke3 
{[%clk 0:50:12]} 33...Ra5 {[%clk 1:08:44]} 34.a3 {[%clk 0:50:30]} 34...Rb5 
{[%clk 1:08:59]} 35.b4 {[%clk 0:50:42]} 35...a5 {[%clk 1:09:22]} 36.Ne1 {[%clk
0:50:05]} 36...Kf6 {[%clk 1:07:00]} 37.f4 {[%clk 0:49:31]} 37...axb4 {[%clk
1:06:03]} 38.axb4 {[%clk 0:49:53]} 38...Rxb4 {[%clk 1:06:27]} 39.Rxh5 {[%clk
0:49:59]} 39...Rb3+ {[%clk 1:05:55]} 40.Nd3 {[%clk 0:50:08]} 40...Kg6 {[%clk
1:06:08]} 41.Rd5 {[%clk 0:49:53]} 41...Rb6 {[%clk 1:06:26]} 42.Ke4 {[%clk
0:48:00]} 42...Kf6 {[%clk 1:06:08]} 43.Nf2 {[%clk 0:46:58]} 43...Ke6 {[%clk
1:06:03]} 44.Ng4 {[%clk 0:46:30]} 44...Rb1 {[%clk 1:06:25]} 45.f5+ {[%clk
0:45:00]} 45...Kd7 {[%clk 1:06:49]} 46.Ne3 {[%clk 0:44:24]} 46...Rh1 {[%clk
1:06:38]} 47.Nc4 {[%clk 0:43:29]} 47...Rh4+ {[%clk 1:06:51]} 48.Kf3 {[%clk
0:43:32]} 48...Rh6 {[%clk 1:06:55]} 49.Kg4 {[%clk 0:41:22]} 49...Kc6 {[%clk
1:07:07]} 50.Rxd6+ {[%clk 0:40:27]} 50...Rxd6 {[%clk 1:07:29]} 51.Nxd6 {[%clk
0:40:52]} 51...Kxd6 {[%clk 1:07:54]} 52.Kg5 {[%clk 0:41:09]} 52...Kd5 {[%clk
1:05:38]} 53.Kf6 {[%clk 0:41:28]} 53...Ke4 {[%clk 1:05:45]} 54.d5 {[%clk
0:41:43]} 54...Kxd5 {[%clk 1:06:10]} 55.Kxf7 {[%clk 0:42:07]} 55...Kd6 {[%clk
1:06:36]} 56.Kg7 {[%clk 0:42:20]} 56...Ke7 {[%clk 1:06:58]} 57.f6+ {[%clk
0:42:43]} 57...Ke6 {[%clk 1:07:22]} 58.f7 {[%clk 0:43:08]} 58...Ke5 {[%clk
1:07:43]} 59.f8=Q {[%clk 0:43:30]} 1-0

[Event "Najdorf Memorial B"]
[Site "Warsaw POL"]
[Date "2021.07.12"]
[Round "3.13"]
[White "Wilczynski, Adam"]
[Black "Adamowicz, Michal"]
[Result "1-0"]
[WhiteElo "1522"]
[BlackElo "1333"]
[EventDate "2021.07.10"]
[PlyCount "63"]
[LiveChessVersion "1.4.8"]

1.c4 {[%clk 1:30:45]} 1...f5 {[%clk 1:30:54]} 2.g3 {[%clk 1:31:03]} 2...Nf6 
{[%clk 1:31:03]} 3.Bg2 {[%clk 1:31:16]} 3...g6 {[%clk 1:31:17]} 4.Nc3 {[%clk
1:31:05]} 4...Bg7 {[%clk 1:31:34]} 5.d3 {[%clk 1:31:17]} 5...d6 {[%clk 1:31:46]} 
6.e4 {[%clk 1:31:23]} 6...O-O {[%clk 1:32:04]} 7.exf5 {[%clk 1:30:39]} 7...Bxf5 
{[%clk 1:31:14]} 8.Nge2 {[%clk 1:28:50]} 8...Nbd7 {[%clk 1:31:09]} 9.Nd4 {[%clk
1:25:44]} 9...c6 {[%clk 1:27:42]} 10.Nxf5 {[%clk 1:25:48]} 10...gxf5 {[%clk
1:27:59]} 11.O-O {[%clk 1:25:31]} 11...e5 {[%clk 1:28:05]} 12.Bg5 {[%clk
1:24:06]} 12...Qe8 {[%clk 1:27:37]} 13.f4 {[%clk 1:21:49]} 13...Qg6 14.h3 
{[%clk 1:16:35]} 14...h6 {[%clk 1:19:21]} 15.Bh4 {[%clk 1:15:29]} 15...Nh5 
{[%clk 1:18:52]} 16.Qf3 {[%clk 1:08:47]} 16...Bf6 {[%clk 1:17:53]} 17.Bxf6 
{[%clk 1:07:32]} 17...Rxf6 {[%clk 1:17:59]} 18.Kh2 {[%clk 1:07:15]} 18...Kh7 
{[%clk 1:17:46]} 19.Rg1 {[%clk 1:06:55]} 19...Rg8 {[%clk 1:17:56]} 20.Ne2 
{[%clk 1:06:37]} 20...Nc5 {[%clk 1:16:13]} 21.fxe5 {[%clk 1:04:51]} 21...dxe5 
{[%clk 1:16:11]} 22.Qe3 {[%clk 1:03:57]} 22...b6 {[%clk 1:07:53]} 23.b4 {[%clk
0:58:53]} 23...f4 {[%clk 1:02:52]} 24.gxf4 {[%clk 0:58:02]} 24...exf4 {[%clk
0:57:28]} 25.Nxf4 {[%clk 0:52:41]} 25...Rxf4 {[%clk 0:47:23]} 26.bxc5 {[%clk
0:51:53]} 26...Re8 {[%clk 0:43:07]} 27.Be4 {[%clk 0:51:17]} 27...Rexe4 {[%clk
0:40:06]} 28.dxe4 {[%clk 0:50:55]} 28...Qf6 {[%clk 0:33:53]} 29.e5 {[%clk
0:47:33]} 29...Qf5 {[%clk 0:33:56]} 30.Rg4 {[%clk 0:37:14]} 30...Rf3 {[%clk
0:29:18]} 31.Qe4 {[%clk 0:37:15]} 31...Rf2+ {[%clk 0:29:36]} 32.Kg1 {[%clk
0:36:26]} 1-0

[Event "Najdorf Memorial B"]
[Site "Warsaw POL"]
[Date "2021.07.12"]
[Round "3.14"]
[White "Lochina, Justyna"]
[Black "Smetek, Michal"]
[Result "0-1"]
[WhiteElo "1514"]
[BlackElo "1315"]
[EventDate "2021.07.10"]
[PlyCount "100"]
[LiveChessVersion "1.4.8"]

1.e4 {[%clk 1:30:57]} 1...c5 {[%clk 1:30:56]} 2.Nf3 {[%clk 1:31:15]} 2...a6 
{[%clk 1:31:24]} 3.d4 {[%clk 1:28:55]} 3...cxd4 {[%clk 1:31:49]} 4.Nxd4 {[%clk
1:29:18]} 4...Nf6 {[%clk 1:32:09]} 5.Nc3 {[%clk 1:27:19]} 5...e5 {[%clk
1:32:17]} 6.Nf3 {[%clk 1:24:44]} 6...Bb4 {[%clk 1:30:58]} 7.Bd2 {[%clk 1:19:38]} 
7...d6 {[%clk 1:29:19]} 8.Bd3 {[%clk 1:17:36]} 8...O-O {[%clk 1:28:38]} 9.O-O 
{[%clk 1:14:34]} 9...h6 {[%clk 1:26:14]} 10.a3 {[%clk 1:11:14]} 10...Ba5 {[%clk
1:23:47]} 11.b4 {[%clk 1:09:55]} 11...Bc7 {[%clk 1:23:52]} 12.Bc4 {[%clk
1:06:06]} 12...Be6 {[%clk 1:23:28]} 13.Qe2 {[%clk 1:03:41]} 13...Nbd7 {[%clk
1:17:50]} 14.Rad1 {[%clk 0:55:56]} 14...Nb6 {[%clk 1:16:31]} 15.Bb3 {[%clk
0:54:53]} 15...Qe7 {[%clk 1:10:06]} 16.Be3 {[%clk 0:51:08]} 16...Ng4 {[%clk
1:03:15]} 17.Bxb6 {[%clk 0:41:55]} 17...Bxb6 {[%clk 1:03:29]} 18.Nd5 {[%clk
0:41:45]} 18...Bxd5 {[%clk 1:03:39]} 19.Bxd5 {[%clk 0:40:57]} 19...Nf6 {[%clk
0:58:08]} 20.Qd3 {[%clk 0:37:14]} 20...Nxd5 {[%clk 0:51:37]} 21.Qxd5 {[%clk
0:37:23]} 21...Rfd8 {[%clk 0:49:16]} 22.Nd2 {[%clk 0:34:02]} 22...Rac8 {[%clk
0:48:42]} 23.Nc4 {[%clk 0:26:59]} 23...Bd4 {[%clk 0:48:00]} 24.Rd2 {[%clk
0:21:54]} 24...Qe6 {[%clk 0:32:46]} 25.Ne3 {[%clk 0:16:52]} 25...Bxe3 {[%clk
0:32:25]} 26.fxe3 {[%clk 0:15:39]} 26...Qxd5 {[%clk 0:32:32]} 27.Rxd5 {[%clk
0:08:12]} 27...Rxc2 {[%clk 0:31:06]} 28.Rfd1 {[%clk 0:08:32]} 28...Re2 {[%clk
0:26:33]} 29.Rxd6 {[%clk 0:03:40]} 29...Rxd6 {[%clk 0:19:06]} 30.Rxd6 {[%clk
0:04:09]} 30...Rxe3 {[%clk 0:18:07]} 31.Rd8+ {[%clk 0:02:41]} 31...Kh7 {[%clk
0:18:30]} 32.Rd7 {[%clk 0:02:29]} 32...Rxa3 {[%clk 0:14:36]} 33.Rxb7 {[%clk
0:01:17]} 33...Rb3 {[%clk 0:07:06]} 34.Kf2 {[%clk 0:00:41]} 34...a5 {[%clk
0:07:13]} 35.b5 {[%clk 0:00:45]} 35...a4 {[%clk 0:07:40]} 36.Rxf7 {[%clk
0:00:35]} 36...Rxb5 {[%clk 0:07:49]} 37.Ra7 {[%clk 0:00:50]} 37...Rb4 {[%clk
0:07:24]} 38.Kf3 {[%clk 0:01:01]} 38...Kg6 {[%clk 0:07:07]} 39.Ra5 {[%clk
0:00:38]} 39...Kf6 {[%clk 0:06:57]} 40.Ra6+ {[%clk 0:00:56]} 40...Kg5 {[%clk
0:05:30]} 41.g3 {[%clk 0:00:36]} 41...Rb3+ {[%clk 0:03:57]} 42.Kg2 {[%clk
0:00:59]} 42...a3 {[%clk 0:03:27]} 43.h4+ {[%clk 0:01:01]} 43...Kh5 {[%clk
0:02:56]} 44.Kh3 {[%clk 0:00:40]} 44...g5 {[%clk 0:02:12]} 45.hxg5 {[%clk
0:00:35]} 45...hxg5 {[%clk 0:02:11]} 46.Kg2 {[%clk 0:00:37]} 46...Kg4 {[%clk
0:02:28]} 47.Ra5 {[%clk 0:00:35]} 47...Rb2+ {[%clk 0:02:43]} 48.Kf1 {[%clk
0:00:45]} 48...a2 {[%clk 0:03:07]} 49.Rxa2 {[%clk 0:00:52]} 49...Rxa2 {[%clk
0:03:31]} 50.Ke1 {[%clk 0:01:12]} 50...Kxg3 {[%clk 0:03:55]} 0-1

[Event "Najdorf Memorial B"]
[Site "Warsaw POL"]
[Date "2021.07.12"]
[Round "3.16"]
[White "Wnuk, Piotr"]
[Black "Szumigaj, Marcin"]
[Result "1/2-1/2"]
[WhiteElo "1256"]
[BlackElo "1492"]
[EventDate "2021.07.10"]
[PlyCount "83"]
[LiveChessVersion "1.4.8"]

1.b4 {[%clk 1:30:58]} 1...d5 {[%clk 1:30:34]} 2.Bb2 {[%clk 1:31:23]} 2...Bf5 
{[%clk 1:29:27]} 3.e3 {[%clk 1:31:34]} 3...Nf6 {[%clk 1:29:30]} 4.c4 {[%clk
1:31:58]} 4...e6 {[%clk 1:29:24]} 5.c5 {[%clk 1:31:53]} 5...Be7 {[%clk 1:29:04]} 
6.Nf3 {[%clk 1:31:56]} 6...h6 {[%clk 1:28:46]} 7.Bxf6 {[%clk 1:31:39]} 7...Bxf6 
{[%clk 1:29:04]} 8.d4 {[%clk 1:32:05]} 8...O-O {[%clk 1:29:22]} 9.Nc3 {[%clk
1:32:11]} 9...Nd7 {[%clk 1:28:39]} 10.Bd3 {[%clk 1:32:28]} 10...Bxd3 {[%clk
1:27:57]} 11.Qxd3 {[%clk 1:32:52]} 11...c6 {[%clk 1:24:25]} 12.O-O {[%clk
1:32:22]} 12...e5 {[%clk 1:22:44]} 13.Nd2 {[%clk 1:29:39]} 13...e4 {[%clk
1:19:52]} 14.Qe2 {[%clk 1:29:36]} 14...Qc7 {[%clk 1:19:15]} 15.a4 {[%clk
1:28:30]} 15...a6 {[%clk 1:19:22]} 16.b5 {[%clk 1:28:44]} 16...Nxc5 {[%clk
1:17:58]} 17.Nxd5 {[%clk 1:27:32]} 17...cxd5 {[%clk 1:17:59]} 18.Rac1 {[%clk
1:27:57]} 18...Be7 {[%clk 1:15:12]} 19.dxc5 {[%clk 1:26:31]} 19...axb5 {[%clk
1:15:00]} 20.Qxb5 {[%clk 1:22:52]} 20...Ra5 {[%clk 1:06:07]} 21.Qb4 {[%clk
1:18:04]} 21...Rxc5 {[%clk 0:59:26]} 22.Rxc5 {[%clk 1:16:03]} 22...Bxc5 {[%clk
0:59:19]} 23.Qc3 {[%clk 1:16:25]} 23...Qd6 {[%clk 0:48:29]} 24.Rd1 {[%clk
1:15:31]} 24...Bb4 {[%clk 0:34:15]} 25.Qb3 {[%clk 1:14:27]} 25...Bxd2 {[%clk
0:33:35]} 26.Rxd2 {[%clk 1:14:29]} 26...Rc8 {[%clk 0:31:26]} 27.g3 {[%clk
1:13:10]} 27...Rc1+ {[%clk 0:31:35]} 28.Kg2 {[%clk 1:13:33]} 28...Qf6 {[%clk
0:29:36]} 29.Qxd5 {[%clk 1:13:12]} 29...Qf3+ {[%clk 0:28:02]} 30.Kh3 {[%clk
1:13:21]} 30...g5 {[%clk 0:19:32]} 31.Qe5 {[%clk 1:12:59]} 31...Rh1 {[%clk
0:14:19]} 32.Rd8+ {[%clk 1:13:11]} 32...Kh7 {[%clk 0:14:41]} 33.Rh8+ {[%clk
1:13:23]} 33...Kg6 {[%clk 0:15:00]} 34.Rg8+ {[%clk 1:10:39]} 34...Kh5 {[%clk
0:15:11]} 35.Qf6 {[%clk 1:10:45]} 35...g4+ {[%clk 0:15:18]} 36.Rxg4 {[%clk
1:09:57]} 36...Qxg4+ {[%clk 0:15:43]} 37.Kg2 {[%clk 1:10:23]} 37...Re1 {[%clk
0:15:06]} 38.Qxf7+ {[%clk 1:10:38]} 38...Qg6 {[%clk 0:11:58]} 39.Qd5+ {[%clk
1:10:58]} 39...Qg5 {[%clk 0:11:52]} 40.Qf7+ {[%clk 1:11:19]} 40...Qg6 {[%clk
0:12:13]} 41.Qd5+ {[%clk 1:11:42]} 41...Qg5 {[%clk 0:12:33]} 42.Qf7+ {[%clk
1:12:06]} 1/2-1/2

[Event "Najdorf Memorial B"]
[Site "Warsaw POL"]
[Date "2021.07.12"]
[Round "3.17"]
[White "Zborowski, Jan"]
[Black "Kurowski, Maciej"]
[Result "0-1"]
[WhiteElo "1082"]
[BlackElo "1627"]
[EventDate "2021.07.10"]
[PlyCount "112"]
[LiveChessVersion "1.4.8"]

1.g3 {[%clk 1:30:50]} 1...d5 {[%clk 1:30:52]} 2.Bg2 {[%clk 1:31:07]} 2...Nf6 
{[%clk 1:31:07]} 3.Nf3 {[%clk 1:30:50]} 3...Bg4 {[%clk 1:30:42]} 4.O-O {[%clk
1:30:59]} 4...Nbd7 {[%clk 1:30:38]} 5.d3 {[%clk 1:30:01]} 5...e5 {[%clk
1:29:03]} 6.Bg5 {[%clk 1:30:07]} 6...c6 {[%clk 1:23:56]} 7.h3 {[%clk 1:29:23]} 
7...Bh5 {[%clk 1:23:41]} 8.d4 {[%clk 1:23:14]} 8...Bd6 {[%clk 1:19:44]} 9.dxe5 
{[%clk 1:20:55]} 9...Nxe5 {[%clk 1:18:58]} 10.Nxe5 {[%clk 1:21:06]} 10...Bxe5 
{[%clk 1:19:16]} 11.Nc3 {[%clk 1:18:04]} 11...h6 {[%clk 1:11:20]} 12.Bxf6 
{[%clk 1:14:27]} 12...Qxf6 {[%clk 1:11:20]} 13.Qd2 {[%clk 1:05:43]} 13...O-O 
{[%clk 1:09:26]} 14.Rab1 {[%clk 1:04:43]} 14...Rad8 {[%clk 1:06:19]} 15.f4 
{[%clk 0:58:20]} 15...Bd4+ {[%clk 1:02:52]} 16.e3 {[%clk 0:58:35]} 16...Bb6 
{[%clk 1:02:13]} 17.Na4 {[%clk 0:58:44]} 17...Bc7 {[%clk 0:59:34]} 18.Nc5 
{[%clk 0:58:31]} 18...b5 {[%clk 0:54:40]} 19.Qd4 {[%clk 0:53:03]} 19...Qe7 
{[%clk 0:52:23]} 20.Rfe1 {[%clk 0:51:05]} 20...Bb6 {[%clk 0:51:47]} 21.b4 
{[%clk 0:51:23]} 21...a5 {[%clk 0:48:26]} 22.a3 {[%clk 0:50:56]} 22...Bg6 
{[%clk 0:46:33]} 23.Rbc1 {[%clk 0:50:21]} 23...axb4 {[%clk 0:46:13]} 24.axb4 
{[%clk 0:50:40]} 24...Rfe8 {[%clk 0:44:44]} 25.Kf2 {[%clk 0:50:18]} 25...Be4 
{[%clk 0:37:35]} 26.Bxe4 {[%clk 0:47:21]} 26...dxe4 {[%clk 0:37:41]} 27.Qc3 
{[%clk 0:44:40]} 27...Bxc5 {[%clk 0:37:00]} 28.Qxc5 {[%clk 0:43:29]} 28...Qxc5 
{[%clk 0:33:25]} 29.bxc5 {[%clk 0:43:48]} 29...Rd5 {[%clk 0:33:46]} 30.c4 
{[%clk 0:43:08]} 30...Rxc5 {[%clk 0:33:36]} 31.cxb5 {[%clk 0:43:29]} 31...Rxc1 
{[%clk 0:33:01]} 32.Rxc1 {[%clk 0:43:47]} 32...cxb5 {[%clk 0:33:29]} 33.Rb1 
{[%clk 0:44:02]} 33...Rb8 {[%clk 0:33:37]} 34.Rb4 {[%clk 0:43:50]} 34...f5 
{[%clk 0:33:53]} 35.Ke2 {[%clk 0:42:20]} 35...Kf7 {[%clk 0:32:46]} 36.Kd2 
{[%clk 0:42:37]} 36...g5 {[%clk 0:31:37]} 37.g4 {[%clk 0:40:31]} 37...Kf6 
{[%clk 0:30:47]} 38.Rd4 {[%clk 0:38:11]} 38...gxf4 {[%clk 0:29:56]} 39.exf4 
{[%clk 0:38:12]} 39...Ke6 {[%clk 0:25:46]} 40.Kc3 {[%clk 0:38:08]} 40...Ra8 
{[%clk 0:16:41]} 41.Rb4 {[%clk 0:34:04]} 41...Ra3+ {[%clk 0:16:51]} 42.Kd2 
{[%clk 0:32:20]} 42...Rxh3 {[%clk 0:17:00]} 43.Rxb5 {[%clk 0:32:39]} 43...fxg4 
{[%clk 0:17:16]} 44.Re5+ {[%clk 0:32:45]} 44...Kf6 {[%clk 0:17:36]} 45.Ke2 
{[%clk 0:31:52]} 45...Rf3 {[%clk 0:17:10]} 46.Rxe4 {[%clk 0:31:00]} 46...Kf5 
{[%clk 0:17:25]} 47.Re8 {[%clk 0:29:42]} 47...Kxf4 {[%clk 0:16:31]} 48.Rh8 
{[%clk 0:28:54]} 48...Kg5 {[%clk 0:16:34]} 49.Rg8+ {[%clk 0:29:10]} 49...Kh4 
{[%clk 0:16:55]} 50.Rg6 {[%clk 0:29:17]} 50...h5 {[%clk 0:17:16]} 51.Rh6 {[%clk
0:29:14]} 51...Kg5 {[%clk 0:16:09]} 52.Rh8 {[%clk 0:29:35]} 52...h4 {[%clk
0:16:29]} 53.Rg8+ {[%clk 0:29:51]} 53...Kf4 {[%clk 0:16:54]} 54.Rf8+ {[%clk
0:29:31]} 54...Kg3 {[%clk 0:17:14]} 55.Rxf3+ {[%clk 0:28:43]} 55...gxf3+ {[%clk
0:17:28]} 56.Kf1 {[%clk 0:29:11]} 56...f2 {[%clk 0:17:55]} 0-1